00449 2200145 4500001002100000005001500021035002000036008004100056245002600097100001900123260010000142300002100242020002200263650001800285INLIS00000000000111120230620023322 a0010-1222000297230620 0 1 aNaga Emas Danau Ranau aYulfi Zawarnis aJakarta :bKementerian Pendidikan dan Kebudayaan-Badan Pengembangan dan Pembinaan Bahasa,c2016 a52 hlm ;c21 cm. a978-602-437-030-5 4aCerita Rakyat